Immigration Luxemburg - Statistiken

Allgemein
  • Dieses Quiz wurde 172 mal gespielt
  • Das Durchschnittsergebnis liegt bei 13 aus 19
Antwortstatistiken
Platz Land Anzahl % Korrekt
4. Belgien 19.823
99%
5. Deutschland 12.849
99%
2. Frankreich 47.805
97%
6. Spanien 7.202
95%
10. Niederlande 4.168
93%
1. Portugal 95.057
89%
3. Italien 22.996
88%
9. Polen 4.844
86%
17. Vereinigte Staaten 2.334
81%
11. China 3.925
72%
8. Vereinigtes Königreich 5.317
72%
14. Indien 2.804
60%
18. Syrien 2.266
54%
12. Griechenland 3.673
52%
16. Brasilien 2.449
50%
19. Irland 2.027
50%
7. Rumänien 5.724
45%
13. Montenegro 3.163
26%
15. Kap Verde 2.572
18%
Keine übereinstimmenden Quizze gefunden
Verteilung der Resultate
Anzahl Personen mit jedem Resultat
Perzentil nach korrekt beantworteten Fragen
Ihre Resultats-Entwicklung
Sie haben dieses Quiz noch nicht gespielt